000
00309nam a2200121Ia 4500
008
220120s9999||||xx |||||||||||||| ||und||
020
_a
9-971-51239-4
100
_a
Murthy, strinivasa, Das,J.B.K
245
0
_a
Design of machine elements
260
_c
2005
300
_b
250
650
_a
SIGNAL PROCESSING
_9
719
999
_c
132119
_d
132119